Law Journal, (Record no. 6481)

MARC details
005 - DATE AND TIME OF LATEST TRANSACTION
control field 20250701064508.0
020 ## - INTERNATIONAL STANDARD BOOK NUMBER
International Standard Book Number 1821 5321
082 ## - DEWEY DECIMAL CLASSIFICATION NUMBER
Classification number 340.05 OPE.
111 ## - MAIN ENTRY--MEETING NAME
Meeting name or jurisdiction name as entry element THE OPEN UNIVERSITY.
245 ## - TITLE STATEMENT
Title Law Journal,
250 ## - EDITION STATEMENT
Edition statement 2nd Ed.
260 ## - PUBLICATION, DISTRIBUTION, ETC.
Place of publication, distribution, etc. Dar Es Salaam,
Name of publisher, distributor, etc. Foculty Of Law,
Date of publication, distribution, etc. 2009.
300 ## - PHYSICAL DESCRIPTION
Extent 178p.; Ill.; picture,
Dimensions 22.5cm.
942 ## - ADDED ENTRY ELEMENTS (KOHA)
Source of classification or shelving scheme Dewey Decimal Classification
Koha item type Books
Holdings
Date last seen Total checkouts Full call number Barcode Cost, replacement price Price effective from Koha item type Lost status Source of classification or shelving scheme Damaged status Not for loan Withdrawn status Home library Current library Shelving location Date acquired Cost, normal purchase price
07/01/2025   340.05OPE DOM0004587 150000.00 07/01/2025 Books   Dewey Decimal Classification       CBE Dodoma CBE Dodoma General Collection 07/01/2009 50000.00